Elements of bacterial cytology/ (Record no. 164399)

MARC details
000 -LEADER
fixed length control field 00584nam a2200217I1 4500
008 - FIXED-LENGTH DATA ELEMENTS--GENERAL INFORMATION
fixed length control field
049 ## - LOCAL HOLDINGS (OCLC)
Holding library MAIN
090 ## - LOCALLY ASSIGNED LC-TYPE CALL NUMBER (OCLC); LOCAL CALL NUMBER (RLIN)
Classification number (OCLC) (R) ; Classification number, CALL (RLIN) (NR) QR75 KNA
003 - CONTROL NUMBER IDENTIFIER
control field
005 - DATE AND TIME OF LATEST TRANSACTION
control field 20230123134342.0
040 ## - CATALOGING SOURCE
Transcribing agency NUST
100 10 - MAIN ENTRY--PERSONAL NAME
Personal name Knaysi, Georges Abdallah.
245 00 - TITLE STATEMENT
Title Elements of bacterial cytology/
Statement of responsibility, etc. Georges Knaysi.
250 ## - EDITION STATEMENT
Edition statement 2d ed.
260 0# - PUBLICATION, DISTRIBUTION, ETC.
Place of publication, distribution, etc. Ithaca, N. Y. ;bComstock Pub. Co.,
Date of publication, distribution, etc. 1951.
300 ## - PHYSICAL DESCRIPTION
Extent xviii, 375 p.
Other physical details ill. ;
Dimensions 25cm.
650 #2 - SUBJECT ADDED ENTRY--TOPICAL TERM
Topical term or geographic name entry element Bacteria.
650 #2 - SUBJECT ADDED ENTRY--TOPICAL TERM
Topical term or geographic name entry element Cells.
907 ## - LOCAL DATA ELEMENT G, LDG (RLIN)
a .b10226941
b 25-01-07
c 25-01-07
942 ## - ADDED ENTRY ELEMENTS (KOHA)
Koha item type Ordinary Loan Books
Call number prefix QR75 KNA
Holdings
Date last seen Total Checkouts Full call number Barcode Cost, replacement price Price effective from Koha item type Lost status Source of classification or shelving scheme Damaged status Not for loan Collection Withdrawn status Home library Current library Shelving location Date acquired Cost, normal purchase price
01/23/2023 1 QR75 KNA 92003014995 80.00 01/23/2023 BOOKS   LCC     NFIC   MAIN MAIN GEN 01/23/2023 80.00